| 000 | 00819nam a2200181Ia 4500 | ||
|---|---|---|---|
| 003 | GCL | ||
| 008 | 140319s9999 xx 000 0 ara d | ||
| 040 |
_aGCL / _cGCL |
||
| 082 | 0 | 4 |
_a344.0523 _bع ق |
| 100 | 1 |
_aعبدالفتاح مراد _vReviewer _@ _٠راجع |
|
| 245 | 1 | 0 |
_aقانون هيئة الشرطة وأكاديمية الشرطة والتشريعات المكملة لها طبقا لأحدث التعديلات / _cعبدالفتاح مراد |
| 260 |
_aالقاهرة : _bشركة البهاء للبرمجيات والكومبيوتر والنشر الالكترونى ، _c2003 |
||
| 300 |
_a248 ص ؛ _c16 سم |
||
| 650 | 0 | 4 | _aالشرطة - تنظيم وادارة |
| 650 | 0 | 4 | _aاكاديمية الشرطة |
| 650 | 0 | 4 | _aالشرطة - قوانين وتشريعات |
| 942 |
_2ddc _cBK |
||
| 999 |
_c6359 _d6359 |
||